United Nnations Organisation: (Record no. 29137)

MARC details
000 -LEADER
fixed length control field 00909nam a22002417a 4500
005 - DATE AND TIME OF LATEST TRANSACTION
control field 20090811145828.0
008 - FIXED-LENGTH DATA ELEMENTS--GENERAL INFORMATION
fixed length control field 090811t xxu||||| |||| 00| 0 eng d
010 ## - LCCN (DPL NO)
LC control number ENG-94723
020 ## - INTERNATIONAL STANDARD BOOK NUMBER
International Standard Book Number 9788186208656
Terms of availability 750.00
035 ## - SYSTEM CONTROL NUMBER
System control number EN-78256
037 ## - SOURCE OF ACQUISITION
Source of stock number/acquisition DBAD / PUB
040 ## - CATALOGING SOURCE
Original cataloging agency dpl
Language of cataloging English
082 ## - DEWEY DECIMAL CLASSIFICATION NUMBER
Classification number 341.23
100 ## - MAIN ENTRY--PERSONAL NAME
Personal name Sharma, S.P.
245 ## - TITLE STATEMENT
Title United Nnations Organisation:
Remainder of title emerging scenario /
Statement of responsibility, etc by S.P. Sharma
260 ## - PUBLICATION, DISTRIBUTION, ETC. (IMPRINT)
Place of publication, distribution, etc New Delhi
Name of publisher, distributor, etc Raj Publications
Date of publication, distribution, etc 2009
270 ## - ADDRESS
Address 108, 4855/2A, Ansari Road, Daryaganj,
City New Delhi
Postal code 110002
300 ## - PHYSICAL DESCRIPTION
Extent 335p.
Dimensions 23cm(Hb)
500 ## - GENERAL NOTE
General note Includes bibliographical references and index
650 ## - SUBJECT ADDED ENTRY--TOPICAL TERM
Topical term or geographic name as entry element United Nations
942 ## - ADDED ENTRY ELEMENTS (KOHA)
Source of classification or shelving scheme Dewey Decimal Classification
Item type English Books
Call number suffix SHA
Classification part 341.23
Holdings
Withdrawn status Lost status Source of classification or shelving scheme Damaged status Not for loan Collection code Home library Current library Date acquired Source of acquisition Cost, normal purchase price Total Checkouts Full call number Barcode Date last seen Copy number Cost, replacement price Koha item type
    Dewey Decimal Classification   Not For Loan Non-fiction D.B.Act.Division D.B.Act.Division 11/08/2009 DBAD / PUB 750.00   341.23 SHA EN-78256 11/08/2009 1 750.00 English Books

© Delhi Public Library
Hit Counter
free hit counter